000 00610nam a2200193 i 4500
001 99570
003 ES-MaACL
005 20230906182523.0
007 t|
008 050913s1973 fr ||||1| spa d
100 1 _aMartínez Alier, Joan.
_977836
245 1 4 _aLos huacchilleros del Perú
_b: dos estudios de formaciones sociales /
_cJuan Martínez Alier.
260 _aParis :
_bRuedo Ibérico,
_c1973.
300 _aVIII, 104 p. ;
_c18 cm.
650 4 _aCampesinado-
_zPerú.
_9165289
650 4 _aVida rural-
_zPerú.
_9165290
710 2 _aÉditions Ruedo ibérico.
_9145333
852 _aES-MaACL
_jL-3027
999 _c99570
_d99570